| 000 | 00923nam a22002895i 4500 | ||
|---|---|---|---|
| 001 | 16655 | ||
| 003 | ES-MaACL | ||
| 005 | 20230906151353.0 | ||
| 007 | t| | ||
| 008 | 001020s1997 sp ||||0| spa j | ||
| 020 | _a84-7517-493-0 | ||
| 040 |
_aM-BN _bspa _cM-BN |
||
| 080 | _a821.112.2-21"18" | ||
| 100 | 1 |
_aHölderlin, Friedrich. _964001 |
|
| 245 | 1 | 0 |
_aEmpédocles / _cFriedrich Hölderlin ; presentación, traducción y notas de Anacleto Ferrer ; prólogo de Michael Knaupp. |
| 250 | _aEd. bilingüe, 1ª ed. | ||
| 260 |
_aMadrid : _bHiperión, _c1997. |
||
| 300 |
_a373 p. ; _c20 cm. |
||
| 490 | 1 |
_aPoesía Hiperión ; _v286 |
|
| 500 | _aTexto alemán y traducción española. | ||
| 700 | 1 |
_aFerrer, Anacleto. _950407 |
|
| 700 | 1 |
_aKnaupp, Michael. _968323 |
|
| 830 | 0 |
_aPoesía Hiperión ; _v286 _9177326 |
|
| 852 |
_aES-MaACL _jL-23704 _bR.128869 |
||
| 999 |
_c16655 _d16655 |
||